BIBLIOTECA

SENCICO

Estructuras de Madera : Diseño/cálculo por computadora (Registro nro. 1118)

Detalles MARC
000 -LEADER
fixed length control field 00672nam a2200265Ia 4500
005 - DATE AND TIME OF LATEST TRANSACTION
control field 20251020182459.0
008 - FIXED-LENGTH DATA ELEMENTS--GENERAL INFORMATION
fixed length control field 200515s9999 xx 000 0 und d
020 ## - INTERNATIONAL STANDARD BOOK NUMBER
International Standard Book Number 950-02-5305-4
082 ## - DEWEY DECIMAL CLASSIFICATION NUMBER
Classification number 624.93/V65
100 ## - MAIN ENTRY--PERSONAL NAME
Personal name Villasuso, Bernardo M.
245 #0 - TITLE STATEMENT
Title Estructuras de Madera : Diseño/cálculo por computadora
260 ## - PUBLICATION, DISTRIBUTION, ETC.
Place of publication, distribution, etc. Buenos Aires
260 ## - PUBLICATION, DISTRIBUTION, ETC.
Name of publisher, distributor, etc. El Ateneo
260 ## - PUBLICATION, DISTRIBUTION, ETC.
Date of publication, distribution, etc. 1993
300 ## - PHYSICAL DESCRIPTION
Extent 133 p.
300 ## - PHYSICAL DESCRIPTION
Other physical details tbl., graf.
490 ## - SERIES STATEMENT
Series statement SERIE INGENIERIA Y ARQUITECTURA
500 ## - GENERAL NOTE
General note 1 ejemplar
650 ## - SUBJECT ADDED ENTRY--TOPICAL TERM
Topical term or geographic name entry element CALCULO
650 ## - SUBJECT ADDED ENTRY--TOPICAL TERM
Topical term or geographic name entry element DISEÑO DE ESTRUCTURAS
650 ## - SUBJECT ADDED ENTRY--TOPICAL TERM
Topical term or geographic name entry element ESTRUCTURAS DE MADERA
650 ## - SUBJECT ADDED ENTRY--TOPICAL TERM
Topical term or geographic name entry element MADERA
942 ## - ADDED ENTRY ELEMENTS (KOHA)
Koha item type Libros
Existencias
Fecha de la última vez que lo usaron Pago total Signatura topográfica completa Código de barras Precio efectivo desde Tipo de documento Estado perdido Estado dañado No es para préstamo Retirado Ubicación permanente Ubicación actual Fecha de adquisición
15/05/2020   624.93/V65 Bib-Lima15051118 15/05/2020 Libros         Biblioteca Central Lima Biblioteca Central Lima 15/05/2020